Kỹ thuật điện - điện tử : Giáo trình dành cho sinh viên hệ Đại học

Sparad:
Bibliografiska uppgifter
Huvudupphovsman: Châu, Minh Thuyên
Materialtyp: Giáo trình
Språk:Undetermined
Publicerad: Đại học Công Nghiệp TP. Hồ Chí Minh 2021
Ämnen:
Länkar:https://opac.iuh.edu.vn/TraCuuTaiLieuSo2XemChiTiet.aspx?Id=112082
Taggar: Lägg till en tagg
Inga taggar, Lägg till första taggen!
Thư viện lưu trữ: Trung tâm Thư viện - Trường Đại học Công nghiệp TP. Hồ Chí Minh
LEADER 00692nam a2200169Ia 4500
001 UIH_00049
008 230809s9999 xx 000 0 und d
082 |a 621.3 
100 |a Châu, Minh Thuyên 
245 0 |a Kỹ thuật điện - điện tử : Giáo trình dành cho sinh viên hệ Đại học 
245 0 |c Châu, Minh Thuyên 
260 |b Đại học Công Nghiệp TP. Hồ Chí Minh 
260 |c 2021 
650 |a Điện tử;Kỹ thuật điện; 
856 |u https://opac.iuh.edu.vn/TraCuuTaiLieuSo2XemChiTiet.aspx?Id=112082 
927 |a Giáo trình 
980 |a Trung tâm Thư viện - Trường Đại học Công nghiệp TP. Hồ Chí Minh